[Event "RSA-chT U12"]
[Site "Cape Town"]
[Date "2016.01.07"]
[Round "7.9"]
[White "Janse van Rensburg, Joshua"]
[Black "Davidow, Tadan"]
[Result "0-1"]
[WhiteElo "738"]
[BlackElo "762"]
[PlyCount "82"]
[EventDate "2016.01.04"]
[EventType "team-tourn"]
[EventRounds "7"]
[EventCountry "RSA"]
[SourceTitle "CBM 170 Extra"]
[Source "ChessBase"]
[SourceDate "2016.02.25"]
[SourceVersion "1"]
[SourceVersionDate "2016.02.25"]
[SourceQuality "1"]
[WhiteTeam "Johannesburg Metro"]
[BlackTeam "Ekurhuleni"]
[WhiteTeamCountry "RSA"]
[BlackTeamCountry "RSA"]

1. e4 e5 2. Nf3 Nc6 3. Bc4 Nf6 4. Nc3 Bc5 5. 0-0 0-0 6. d3 d6 7. h3 Nh5 8. Be3 Bxe3 9. fxe3 Ng3 10. Rf2 Qf6 11. d4 exd4 12. exd4 Qg6 13. Bd3 Bxh3 14. gxh3 Nxe4+ 15. Kf1 Nxf2 16. Kxf2 Qf6 17. Nb5 a6 18. Nxc7 Rac8 19. Nd5 Qe6 20. c4 a5 21. Ng5 Qh6 22. Qg1 Qh4+ 23. Kf1 f6 24. Ne6 Qxh3+ 25. Ke2 Qxe6+ 26. Kd2 Nb4 27. Nxb4 axb4 28. b3 d5 29. Rc1 dxc4 30. bxc4 b5 31. c5 Qxa2+ 32. Kd1 Qb3+ 33. Bc2 Qf3+ 34. Kd2 Qf4+ 35. Kd1 Rfd8 36. Bb3+ Kf8 37. Kc2 Rxd4 38. Kb2 Rd2+ 39. Kb1 Qe4+ 40. Bc2 Qe5 41. Bxh7 Qb2# 0-1